| 000 | 00430cam a2200181ua 4500 | ||
|---|---|---|---|
| 020 | _c3 | ||
| 041 |
_amal _h |
||
| 082 |
_a894.8121 _bGOV/AV |
||
| 100 | _aGovindan Nair, . | ||
| 245 |
_aAvil Pothi / _cGovindan Nair. _hTextual Documents |
||
| 250 |
_a1 / _b. |
||
| 260 |
_aCalicut : _bNavakerala Co-op-Publishing House , _c1964. |
||
| 300 | _a158 ; . | ||
| 365 | _a3 | ||
| 504 | _a | ||
| 942 | _cBK | ||
| 999 |
_c4011 _d4011 |
||